000 00328 a2200133 4500
000 nam a22 7a 4500
005 20260211124054.0
020 _a9781032677866
100 _aGulick, Denny; Ford, Jeff
_91115172
245 _aEncounters with Chaos and Fractals
250 _a3
260 _bCRC Press
_c2024
942 _cTEXL
999 _c1679289
_d1679289